Programa de Grupos de Trabajo /

Salvato in:
Dettagli Bibliografici
Enti autori: Consejo Latinoamericano de Ciencias Sociales, CLACSO
Natura: testo
Pubblicazione: Buenos Aires: Campo Virtual
Tags: Aggiungi Tag
Nessun Tag, puoi essere il primo ad aggiungerne!!

MARC

LEADER 00000 a a2200000 04500
001 28952
003
040
090 |a 185200  |b RECURSO ELECTRONICO  
110 |a Consejo Latinoamericano de Ciencias Sociales  
245 |a Programa de Grupos de Trabajo /  |c Consejo Latinoamericano de Ciencias Sociales  
260 |a Buenos Aires:   |b Campo Virtual  
500 |a Incluye programas y 4 presentaciones  
710 |a CLACSO  
999 |c 14019  |d 14019